00894nam a2200253 a 450000500170000000800410001704000250005804100080008304400070009108200190009810000290011724501600014626000430030630000110034965000280036065000280038865000320041665000260044865000290047465000360050366200400053970000260057970000350060520200104041521.0140227b1997 ck ||||| |||| 00| 0 spa d aCO-BoIAVHcCO-BoIAVH aspa ack a639.392 bH64t1 aHildebrand, Patricio von23aLa tortuga charapa (Podocnemis expansa) en el bajo río Caquetá, Amazonas, Colombia:baspectos de la biología reproductiva y técnicas para su manejo aBogotábUnión EuropeabCOAMAc1997 a152 p. aBiología reproductiva aManejo de biodiversidad aDistribución geográfica aTráfico de especies aConocimiento tradicional aConservación de biodiversidad aColombiacRío CaquetábAmazonas aBermúdez, Nicolás aPeñuela M., María Cristina